000
00205 a2200097 4500
001
22857
100
_a
Wildes, H E
245
_a
Typhoon in Tokyo
260
_a
_b
Allens unwin
_c
1954
090
_c
15464
_d
15464
942
_a
NUST-CAE
_c
M
_c
6074
999
_c
257930
_d
257930